书目信息 |
| 题名: |
图解足球定位球战术
|
|
| 作者: | 仓本和昌, , 藤原孝雄, 主编 ;清水英斗, , 毛伟 编著 | |
| 分册: | ||
| 出版信息: | 北京 人民邮电出版社 2016 |
|
| 页数: | 239页 | |
| 开本: | 24cm | |
| 丛书名: | ||
| 单 册: | ||
| 中图分类: | G843.19-64 | |
| 科图分类: | ||
| 主题词: | 足球运动--定位球--图解 | |
| 电子资源: | ||
| ISBN: | 978-7-115-42034-3 | |
| 000 | 00938nam0 2200277 450 | |
| 001 | 351540 | |
| 005 | 20161017111430.21 | |
| 010 | @a978-7-115-42034-3@dCNY68.00 | |
| 100 | @a20160715d2016 em y0chiy50 ea | |
| 101 | 1 | @achi@cjpn |
| 102 | @aCN@b110000 | |
| 105 | @aa z 000yy | |
| 106 | @ar | |
| 200 | 1 | @a图解足球定位球战术@e基础训练128项@f(日) 仓本和昌, 藤原孝雄主编@g清水英斗编著@g毛伟译 |
| 210 | @a北京@c人民邮电出版社@d2016 | |
| 215 | @a239页@c彩图@d24cm | |
| 330 | @a本书是图解足球定位球战术的大全书,书中提出的128项理论并不是"正确答案",而是"基础准则",旨在培养熟悉足球比赛规则的球员,培养擅于灵活调整战术的球员。 | |
| 517 | 1 | @a基础训练128项 |
| 606 | 0 | @a足球运动@x定位球@j图解 |
| 690 | @aG843.19-64@v5 | |
| 701 | 0 | @a仓本和昌,@f1982-@4主编 |
| 701 | 0 | @a藤原孝雄,@f1976-@4主编 |
| 702 | 0 | @a清水英斗,@f1979@4编著 |
| 702 | 0 | @a毛伟@4译 |
| 801 | 0 | @aCN@bTANGWEI@c20160820 |
| 905 | @b0895190-4@dG843.19-64@e374@f5 | |
| 图解足球定位球战术:基础训练128项/(日) 仓本和昌, 藤原孝雄主编/清水英斗编著/毛伟译.-北京:人民邮电出版社,2016 |
| 239页:彩图;24cm |
| ISBN 978-7-115-42034-3:CNY68.00 |
| 本书是图解足球定位球战术的大全书,书中提出的128项理论并不是"正确答案",而是"基础准则",旨在培养熟悉足球比赛规则的球员,培养擅于灵活调整战术的球员。 |
| ● |
| 相关链接 |
|
|
|
|
正题名:图解足球定位球战术
索取号:G843.19-64/374
 
预约/预借
| 序号 | 登录号 | 条形码 | 馆藏地/架位号 | 状态 | 备注 |
| 1 | 0895190 | 208951909 | 第一样本阅览室/ [索取号:G843.19-64/374] | 在馆 | |
| 2 | 0895191 | 208951918 | 第四借阅区/ [索取号:G843.19-64/374] | 在馆 | |
| 3 | 0895192 | 208951927 | 第四借阅区/ [索取号:G843.19-64/374] | 在馆 | |
| 4 | 0895193 | 208951936 | 第四借阅区/ [索取号:G843.19-64/374] | 在馆 | |
| 5 | 0895194 | 208951945 | 第四借阅区/ [索取号:G843.19-64/374] | 在馆 |